000 00587nam a22001457a 4500
999 _c8052
_d8053
008 190705b ||||| |||| 00| 0 eng d
020 _a9789993693543
082 _a954.98 D69e 2017
100 _aབསྟན་འཛིན་རྡོ་རྗེ།
245 _aགནས་ཡིག་ཀུན་ཕན་ལམ་སྟོན། སྤུ་ན་ཁ་དང་མགར་ས་རྫོང་གཁ།
_bགླེགས་བམ་༡༠ པ།
260 _aThimphu ;
_bDepartment of Culture,
_c2017.
300 _axxx, 274 p.
_c21 cm.
700 _aUgyen Tenzin
942 _2ddc